000 00486pab a2200181 454500
008 180718b2013 xxu||||| |||| 00| 0 eng d
100 _aKlein, David B.
245 _aThe patient-centered medical home: A future standard for American health care
260 _c2013
300 _ap.S82-S92.
362 _aSep-Oct
650 _aHealth services
700 _aLiu, Nan
700 _aLaugesen, Miriam J.
773 _aPublic Administration Review
908 _aN
909 _a103173
999 _c103169
_d103169